000 01652nam a22003611i 4500
001 ebr10765724
003 CaPaEBR
006 m o d
007 cr cn|||||||||
008 130730s2013 ne ob 001 0 eng d
020 _a9789462093140 (e-book)
040 _aCaPaEBR
_beng
_erda
_epn
_cCaPaEBR
035 _a(OCoLC)859232263
050 1 4 _aAZ182
_b.H96 2013eb
100 1 _aHvolbek, Russell H.,
_d1946-
245 1 0 _aRe-calling the humanities :
_blanguage, education, and humans being /
_cRussell H. Hvolbek.
264 1 _aRotterdam :
_bSense Publishers,
_c2013.
300 _a1 online resource (122 pages)
336 _atext
_2rdacontent
337 _acomputer
_2rdamedia
338 _aonline resource
_2rdacarrier
490 1 _aEducational futures: rethinking history and practice ;
_v59
504 _aIncludes bibliographical references and index.
588 _aDescription based on print version record.
590 _aElectronic reproduction. Palo Alto, Calif. : ebrary, 2013. Available via World Wide Web. Access may be limited to ebrary affiliated libraries.
650 0 _aHumanities
_xStudy and teaching.
650 0 _aLearning and scholarship.
655 0 _aElectronic books.
776 0 8 _iPrint version:
_aHvolbek, Russell H., 1946-
_tRe-calling the humanities : language, education, and humans being.
_dRotterdam : Sense Publishers, 2013
_hvii, 122 pages ; 24 cm.
_kEducational futures ; v. 59.
_w(OCoLC)854751700
797 2 _aebrary.
830 0 _aEducational futures ;
_vv. 59.
856 4 0 _uhttp://site.ebrary.com/lib/rucke/Doc?id=10765724
_zAn electronic book accessible through the World Wide Web; click to view
999 _c123475
_d123475